[Event "Hillerod Byturnering Mesterklassen 2004"]
[Site "Hillerod"]
[Date "2004.04.27"]
[Round "1"]
[White "Andersen, Ib Hother"]
[Black "Steenstrup, Svend"]
[Result "0-1"]
[WhiteElo "2063"]
[BlackElo "1997"]
[PlyCount "111"]
[EventDate "2004.??.??"]

1. e4 c5 2. Nf3 d6 3. d4 cxd4 4. Nxd4 Nf6 5. Nc3 g6 6. Be3 Bg7 7. f3 O-O 8. Qd2
Nc6 9. O-O-O Be6 10. Nxe6 fxe6 11. Bc4 Qc8 12. Bh6 Ne5 13. Bb3 Nc4 14. Bxc4
Qxc4 15. Bxg7 Kxg7 16. Rhe1 Rac8 17. e5 dxe5 18. Rxe5 Rfd8 19. Qe2 Rxd1+ 20.
Kxd1 Qf4 21. g3 Rd8+ 22. Ke1 Qc1+ 23. Nd1 Kf7 24. Rb5 Nd5 25. Rb3 b5 26. Rd3
Rc8 27. Rd2 b4 28. Qd3 a5 29. Qb3 Rd8 30. c4 a4 31. Qc2 Qxc2 32. Rxc2 Nb6 33.
Ke2 Rd4 34. Ne3 Ke8 35. f4 Kd7 36. Rd2 Rxd2+ 37. Kxd2 Kd6 38. Kd3 e5 39. f5 Nd7
40. fxg6 Nc5+ 41. Kc2 hxg6 42. Nd5 b3+ 43. axb3 Nxb3 44. Kc3 Nc5 45. Ne3 e4 46.
Ng4 Nd3 47. h4 Kc5 48. Ne3 e6 49. g4 Nf4 50. b4+ axb3 51. Kxb3 Kd4 52. Nc2+ Ke5
53. Kb4 Ne2 54. c5 Nd4 55. Na3 Nc6+ 56. Kc4 0-1

[Event "Hillerod Byturnering Mesterklassen 2004"]
[Site "Hillerod"]
[Date "2004.04.27"]
[Round "1"]
[White "Rasmussen, Bo"]
[Black "Sorensen, Per Settergren"]
[Result "1/2-1/2"]
[WhiteElo "1780"]
[BlackElo "1955"]
[PlyCount "144"]
[EventDate "2004.??.??"]

1. e4 e6 2. d4 d5 3. exd5 exd5 4. Be3 Nf6 5. c3 Bd6 6. Nf3 O-O 7. h3 Re8 8. Be2
Nc6 9. O-O Ne7 10. Nh4 Nf5 11. Nxf5 Bxf5 12. Bd3 Ne4 13. Qf3 Bg6 14. Nd2 Qh4
15. Bxe4 dxe4 16. Qg4 Qd8 17. Nc4 f5 18. Qg5 Be7 19. Qf4 Bf6 20. Rfe1 Qd7 21.
Nd2 Rf8 22. Qg3 Qe7 23. Bf4 Bh4 24. Qe3 h6 25. Bg3 f4 26. Bxf4 Rxf4 27. Qxf4
Bg5 28. Qg3 Rf8 29. Nf3 e3 30. Nxg5 exf2+ 31. Qxf2 Qxg5 32. Qe3 Qh4 33. Rf1 Re8
34. Qf2 Qg5 35. Rae1 Be4 36. Re3 Re6 37. Rg3 Qe7 38. Re1 Qd6 39. Rge3 Rf6 40.
Qe2 Bd5 41. Re8+ Kh7 42. Re5 Qc6 43. Rxd5 Qxd5 44. Qe4+ Qxe4 45. Rxe4 Rb6 46.
Re2 Kg6 47. Kh2 Kf7 48. Kg3 a5 49. Kf4 a4 50. Ke3 Ke7 51. Kd3+ Kd7 52. Kc2 g6
53. Re5 Ra6 54. Rb5 Kc8 55. Kd3 Rf6 56. Re5 c6 57. Re3 Kd7 58. Rf3 Re6 59. Rf7+
Kc8 60. Rh7 h5 61. Rg7 b5 62. b3 axb3 63. axb3 Kd8 64. c4 bxc4+ 65. bxc4 Ke8
66. d5 cxd5 67. cxd5 Rf6 68. Rc7 Rf2 69. Rc2 Rf5 70. Ke4 Kd7 71. g4 hxg4 72.
hxg4 Rg5 1/2-1/2

[Event "Hillerod Byturnering Mesterklassen 2004"]
[Site "Hillerod"]
[Date "2004.04.27"]
[Round "1"]
[White "Nilsson, Lars Kjoller"]
[Black "Jacobsen, Hans Endrup"]
[Result "1-0"]
[WhiteElo "2021"]
[BlackElo "1979"]
[PlyCount "73"]
[EventDate "2004.??.??"]

1. e4 c5 2. Nf3 d6 3. d4 cxd4 4. Nxd4 Nf6 5. Nc3 a6 6. f4 Qc7 7. Bd3 Nc6 8.
Nxc6 bxc6 9. Be3 Ng4 10. Bg1 e5 11. h3 Nf6 12. Be3 d5 13. exd5 cxd5 14. fxe5
Qxe5 15. Qe2 Be6 16. O-O Bd6 17. Bf4 Qd4+ 18. Qe3 Qxe3+ 19. Bxe3 Be5 20. Na4
Nd7 21. c3 O-O 22. Rac1 Bd6 23. Bd4 Ne5 24. Bc2 Rab8 25. Rce1 Nc4 26. Re2 Bd7
27. Nc5 Bb5 28. a4 Bc6 29. b4 Ra8 30. Nxa6 Rxa6 31. b5 Rc8 32. bxc6 Raa8 33.
Rf5 Rxc6 34. Rxd5 Raa6 35. Bd3 Rc8 36. Bxc4 Rxc4 37. Re8+ 1-0

[Event "Hillerod Byturnering Mesterklassen 2004"]
[Site "Hillerod"]
[Date "2004.04.27"]
[Round "1"]
[White "Paulsen, Henrik"]
[Black "Lavrsen, Frands Winther"]
[Result "1-0"]
[WhiteElo "1782"]
[BlackElo "1812"]
[PlyCount "116"]
[EventDate "2004.??.??"]

1. e4 c6 2. d4 d5 3. Nc3 dxe4 4. Nxe4 Bf5 5. Ng3 Bg6 6. Nf3 Nd7 7. Nh4 e6 8.
Nxg6 hxg6 9. Bd3 Bd6 10. Bd2 Qc7 11. Qf3 Nh6 12. O-O-O Nf6 13. Kb1 Nhg4 14. Ne4
Nxe4 15. Bxe4 Nxh2 16. Qe2 O-O-O 17. f3 Bf4 18. Bxf4 Qxf4 19. c3 Qg3 20. Bc2 g5
21. Rdg1 g4 22. Bd1 Rh6 23. fxg4 Rf6 24. Qe1 Qf4 25. g5 Rf5 26. Bc2 Rdd5 27.
Bxf5 Qxf5+ 28. Ka1 Ng4 29. Rf1 Qg6 30. Qb1 Rf5 31. Rxf5 exf5 32. Rf1 Ne3 33.
Rf3 Qxg5 34. Qc1 f4 35. a3 Nxg2 36. Qd2 Ne3 37. Rf2 Qg1+ 38. Ka2 g5 39. Rh2 Qd1
40. Rh8+ Kc7 41. Qh2 Qf1 42. Qh5 Qc4+ 43. Ka1 g4 44. Qe5+ Kb6 45. Qxf4 Qf1+ 46.
Qxf1 Nxf1 47. Rf8 g3 48. Rxf7 g2 49. Rg7 Ne3 50. b3 c5 51. Rg6+ Kb5 52. c4+ Ka5
53. d5 b5 54. d6 Kb6 55. cxb5 Nf5 56. Rxg2 Nxd6 57. a4 c4 58. Rg6 Kc5 1-0

[Event "Hillerod Byturnering Mesterklassen 2004"]
[Site "Hillerod"]
[Date "2004.05.04"]
[Round "2"]
[White "Jacobsen, Hans Endrup"]
[Black "Lavrsen, Frands Winther"]
[Result "0-1"]
[WhiteElo "1979"]
[BlackElo "1812"]
[PlyCount "72"]
[EventDate "2004.??.??"]

1. e4 c6 2. d4 d5 3. Nc3 dxe4 4. Nxe4 Bf5 5. Ng3 Bg6 6. Nf3 Nd7 7. h4 h6 8. h5
Bh7 9. Bd3 Bxd3 10. Qxd3 Qc7 11. Bd2 Ngf6 12. O-O-O e6 13. Kb1 O-O-O 14. Ne4
Nd5 15. g3 c5 16. c4 Nb4 17. Qb3 f5 18. Nxc5 Nxc5 19. dxc5 Rd3 20. Qxb4 Bxc5
21. Qa4 Rxf3 22. Bf4 e5 23. Bxe5 Qxe5 24. Qd7+ Kb8 25. Rhe1 Qf6 26. Re8+ Rxe8
27. Qxe8+ Kc7 28. Rd7+ Kb6 29. Rd5 a6 30. Qc8 Qc6 31. Qd8+ Ka7 32. Qg8 Bxf2 33.
Qxg7 Rxg3 34. Qe5 Rg1+ 35. Kc2 Qxc4+ 36. Kd2 Be1+ 0-1

[Event "Hillerod Byturnering Mesterklassen 2004"]
[Site "Hillerod"]
[Date "2004.05.04"]
[Round "2"]
[White "Sorensen, Per Settergren"]
[Black "Andersen, Ib Hother"]
[Result "1/2-1/2"]
[WhiteElo "1955"]
[BlackElo "2063"]
[PlyCount "55"]
[EventDate "2004.??.??"]

1. e4 e5 2. Nf3 Nc6 3. Bb5 Bc5 4. c3 Nf6 5. O-O O-O 6. d4 Bb6 7. Bg5 d6 8. a4
a5 9. Re1 h6 10. Bh4 exd4 11. Bxc6 bxc6 12. Nxd4 Re8 13. Nd2 c5 14. N4f3 g5 15.
Bg3 Nh5 16. Qc2 Nxg3 17. hxg3 Be6 18. c4 c6 19. Rad1 Qe7 20. Nf1 Bc7 21. Ne3
Qf6 22. Rf1 Rab8 23. b3 Qg7 24. g4 f6 25. g3 Qf7 26. Kg2 Kg7 27. Rh1 Rh8 28.
Qc3 1/2-1/2

[Event "Hillerod Byturnering Mesterklassen 2004"]
[Site "Hillerod"]
[Date "2004.05.04"]
[Round "2"]
[White "Nilsson, Lars Kjoller"]
[Black "Rasmussen, Bo"]
[Result "1/2-1/2"]
[WhiteElo "2021"]
[BlackElo "1780"]
[PlyCount "125"]
[EventDate "2004.??.??"]

1. e4 e5 2. Nf3 Nc6 3. d4 exd4 4. Nxd4 Qf6 5. Be3 Bc5 6. c3 Nge7 7. Bc4 Qg6 8.
O-O Ne5 9. Be2 Qxe4 10. Nd2 Qg6 11. Bh5 Qd3 12. Be2 Qg6 13. h4 Nd5 14. Bg5 h6
15. Be3 Nxe3 16. fxe3 d5 17. Bh5 Qg3 18. Qe1 Qxe1 19. Raxe1 g6 20. Be2 O-O 21.
b4 Bb6 22. Rf4 Nc6 23. Ref1 Nxd4 24. exd4 c6 25. Bd3 Bc7 26. Rf6 Bd8 27. R6f4
g5 28. R4f2 gxh4 29. Nf3 Bg5 30. Kh1 Be6 31. Ne5 f6 32. Ng6 Rfe8 33. Nf4 Bg4
34. c4 dxc4 35. Bxc4+ Kg7 36. Nh3 Bxh3 37. gxh3 Re4 38. Bb3 Rxd4 39. Re2 Rd7
40. Rfe1 f5 41. Be6 Re7 42. Bxf5 Rae8 43. Rxe7+ Rxe7 44. Rd1 Kf6 45. Bg4 Rc7
46. Bf3 Ke5 47. Kg2 Be3 48. Rd3 Kf4 49. Bg4 Ke4 50. Rd8 Rf7 51. Bf3+ Ke5 52.
Re8+ Kd4 53. Re4+ Kd3 54. Rxh4 Rg7+ 55. Kh2 Rg1 56. Rxh6 Bxh6 57. Kxg1 Kc4 58.
b5 Kxb5 59. Kf2 b6 60. Ke2 c5 61. Kd3 Kb4 62. Bc6 a5 63. a4 1/2-1/2

[Event "Hillerod Byturnering Mesterklassen 2004"]
[Site "Hillerod"]
[Date "2004.05.04"]
[Round "2"]
[White "Steenstrup, Svend"]
[Black "Paulsen, Henrik"]
[Result "0-1"]
[WhiteElo "1997"]
[BlackElo "1782"]
[PlyCount "72"]
[EventDate "2004.??.??"]

1. e4 c5 2. Nf3 d6 3. d4 cxd4 4. Nxd4 Nf6 5. Nc3 a6 6. Bc4 e6 7. Bb3 Be7 8. g4
b5 9. g5 Nfd7 10. Bxe6 Bxg5 11. Bxg5 Qxg5 12. Nd5 O-O 13. Nf3 Qh6 14. Ne7+ Kh8
15. Bd5 Ra7 16. Nf5 Qf6 17. Rg1 Ne5 18. Nxe5 Qxe5 19. f4 Qxb2 20. Nxg7 Rg8 21.
Ke2 Rxg7 22. Rb1 Qf6 23. e5 Qxf4 24. Rxg7 Qxe5+ 25. Kf2 Kxg7 26. Qf3 Qxh2+ 27.
Ke3 Re7+ 28. Kd3 Qh3 29. Rg1+ Kf8 30. Rg3 Qf5+ 31. Be4 Qxf3+ 32. Bxf3 Bf5+ 33.
Kd4 Bxc2 34. Be4 Rc7 35. Bh1 Nd7 36. Kd5 Ke7 0-1

[Event "Hillerod Byturnering Mesterklassen 2004"]
[Site "Hillerod"]
[Date "2004.05.11"]
[Round "3"]
[White "Paulsen, Henrik"]
[Black "Sorensen, Per Settergren"]
[Result "1/2-1/2"]
[WhiteElo "1782"]
[BlackElo "1955"]
[PlyCount "75"]
[EventDate "2004.??.??"]

1. e4 e6 2. d4 d5 3. Nc3 Bb4 4. e5 c5 5. a3 Ba5 6. Bb5+ Bd7 7. Bxd7+ Nxd7 8.
Nf3 cxd4 9. Qxd4 Ne7 10. O-O O-O 11. Bg5 h6 12. Bh4 Qe8 13. Bxe7 Qxe7 14. Rfd1
a6 15. Nxd5 exd5 16. Qxd5 Nxe5 17. Nxe5 Rfe8 18. Nxf7 Qxf7 19. Qxa5 Re2 20. Qc5
Rf8 21. Rf1 Qe6 22. Rad1 Rc8 23. Qb4 Rcxc2 24. Qxb7 Rxb2 25. Qd5 Qxd5 26. Rxd5
Ra2 27. Ra5 Re6 28. g4 Rc6 29. Kg2 Rc3 30. Rxa6 Rcxa3 31. Rxa3 Rxa3 32. h4 g6
33. Re1 Ra5 34. Kf3 Kf7 35. Re3 Kf6 36. Rb3 Rc5 37. Rb6+ Kg7 38. Kg3 1/2-1/2

[Event "Hillerod Byturnering Mesterklassen 2004"]
[Site "Hillerod"]
[Date "2004.05.11"]
[Round "3"]
[White "Andersen, Ib Hother"]
[Black "Nilsson, Lars Kjoller"]
[Result "0-1"]
[WhiteElo "2063"]
[BlackElo "2021"]
[PlyCount "76"]
[EventDate "2004.??.??"]

1. e4 c5 2. Nf3 d6 3. d4 cxd4 4. Nxd4 Nf6 5. Nc3 e6 6. Be2 Nc6 7. Be3 Nxd4 8.
Qxd4 Be7 9. g4 O-O 10. g5 Nd7 11. h4 Qb6 12. O-O-O Qxd4 13. Bxd4 a6 14. f4 b5
15. Bf3 Bb7 16. Rh3 Rfd8 17. a3 Bc6 18. Ne2 a5 19. Ng3 b4 20. axb4 axb4 21. b3
Ra5 22. Nh5 e5 23. Bb2 g6 24. Ng3 exf4 25. Ne2 Ne5 26. Rd4 Bd7 27. Bg2 Bxh3 28.
Bxh3 f3 29. Ng3 h6 30. Rxb4 hxg5 31. hxg5 Bxg5+ 32. Kb1 Bf4 33. Nh1 Nc6 34. Rb6
Rh5 35. Nf2 Be3 36. Rxc6 Bxf2 37. Bg4 Rh1+ 38. Ka2 Ra8+ 0-1

[Event "Hillerod Byturnering Mesterklassen 2004"]
[Site "Hillerod"]
[Date "2004.05.11"]
[Round "3"]
[White "Lavrsen, Frands Winther"]
[Black "Steenstrup, Svend"]
[Result "0-1"]
[WhiteElo "1812"]
[BlackElo "1997"]
[PlyCount "54"]
[EventDate "2004.??.??"]

1. f4 d6 2. Nf3 e5 3. fxe5 g5 4. exd6 Bxd6 5. g3 h5 6. d4 g4 7. Nh4 Be7 8. Qd3
Nc6 9. c3 Bxh4 10. gxh4 Qxh4+ 11. Qg3 Qe7 12. Bg2 Bd7 13. Qxc7 Rc8 14. Qf4 h4
15. b3 h3 16. Bd5 Rh5 17. Qe4 Nf6 18. Qxe7+ Kxe7 19. Ba3+ Ke8 20. Bc4 b5 21.
Bd3 b4 22. Bxb4 Nxb4 23. cxb4 Rc1+ 24. Kd2 Rxh1 25. a4 g3 26. hxg3 h2 27. e4
Rg1 0-1

[Event "Hillerod Byturnering Mesterklassen 2004"]
[Site "Hillerod"]
[Date "2004.05.18"]
[Round "4"]
[White "Nilsson, Lars Kjoller"]
[Black "Paulsen, Henrik"]
[Result "0-1"]
[WhiteElo "2021"]
[BlackElo "1782"]
[PlyCount "76"]
[EventDate "2004.??.??"]

1. e4 c5 2. Nf3 d6 3. Nc3 Nf6 4. d4 cxd4 5. Nxd4 a6 6. f4 e6 7. Be2 Qb6 8. Nb3
Nbd7 9. Bf3 Be7 10. Qe2 e5 11. f5 Qc7 12. g4 h6 13. Be3 b5 14. O-O-O Bb7 15.
Qg2 Rc8 16. h4 b4 17. Nd5 Nxd5 18. exd5 Nb6 19. Na5 Nc4 20. Nxc4 Qxc4 21. Kb1
Kd7 22. g5 hxg5 23. f6 gxf6 24. Bg4+ Kc7 25. Bxc8 Bxc8 26. h5 f5 27. c3 f4 28.
cxb4 Bf5+ 29. Ka1 Qe4 30. Qf1 Kb7 31. Bd2 g4 32. b5 Qd3 33. bxa6+ Kxa6 34. Bxf4
Qxf1 35. Rhxf1 exf4 36. Rxf4 Rxh5 37. Rdf1 g3 38. Rxf5 Rxf5 0-1

[Event "Hillerod Byturnering Mesterklassen 2004"]
[Site "Hillerod"]
[Date "2004.05.18"]
[Round "4"]
[White "Rasmussen, Bo"]
[Black "Andersen, Ib Hother"]
[Result "1-0"]
[WhiteElo "1780"]
[BlackElo "2063"]
[PlyCount "74"]
[EventDate "2004.??.??"]

1. e4 e5 2. Nf3 Nc6 3. Bc4 Nf6 4. Ng5 d5 5. exd5 Na5 6. d3 h6 7. Nf3 e4 8. Qe2
Nxc4 9. dxc4 Bd6 10. Nc3 O-O 11. Nd2 Bf5 12. Nf1 Bh7 13. Ng3 Re8 14. Be3 Nd7
15. O-O-O f5 16. Bd4 Be5 17. Rhe1 a6 18. f3 Qg5+ 19. Qd2 Qxd2+ 20. Rxd2 Bf4 21.
fxe4 Bxd2+ 22. Kxd2 fxe4 23. Ngxe4 Rad8 24. Re3 b6 25. Nf2 Rxe3 26. Bxe3 Ne5
27. b3 Re8 28. Bd4 g5 29. d6 Nc6 30. d7 Rd8 31. Nd5 Nxd4 32. Ng4 Kg7 33. Ne5 c6
34. Nxb6 Nxc2 35. Nxc6 Rxd7+ 36. Nxd7 Be4 37. Nde5 Kf6 1-0

[Event "Hillerod Byturnering Mesterklassen 2004"]
[Site "Hillerod"]
[Date "2004.05.18"]
[Round "4"]
[White "Sorensen, Per Settergren"]
[Black "Lavrsen, Frands Winther"]
[Result "1-0"]
[WhiteElo "1955"]
[BlackElo "1812"]
[PlyCount "51"]
[EventDate "2004.??.??"]

1. e4 c6 2. c4 d5 3. cxd5 cxd5 4. exd5 Qxd5 5. Nc3 Qa5 6. d4 Nf6 7. Nf3 g6 8.
Bc4 Bg7 9. O-O O-O 10. Re1 Bg4 11. Bf4 Nc6 12. Bb3 Rfd8 13. d5 Nb4 14. Rxe7
Nfxd5 15. Nxd5 Nxd5 16. Bxd5 Rxd5 17. Qb3 Rad8 18. Bc7 Qc5 19. Bxd8 Bf8 20. Re8
Qc6 21. Rae1 Rf5 22. Qb4 Rc5 23. Rxf8+ Kxf8 24. Be7+ Kg8 25. Bxc5 Bxf3 26. gxf3
1-0

[Event "Hillerod Byturnering Mesterklassen 2004"]
[Site "Hillerod"]
[Date "2004.05.18"]
[Round "4"]
[White "Jacobsen, Hans Endrup"]
[Black "Steenstrup, Svend"]
[Result "1/2-1/2"]
[WhiteElo "1979"]
[BlackElo "1997"]
[PlyCount "140"]
[EventDate "2004.??.??"]

1. e4 c5 2. Nf3 d6 3. d4 cxd4 4. Nxd4 Nf6 5. Nc3 g6 6. Be3 Bg7 7. f3 O-O 8. Qd2
Nc6 9. O-O-O d5 10. exd5 Nxd5 11. Nxd5 Qxd5 12. Nxc6 Qxa2 13. Nxe7+ Kh8 14. c3
Be6 15. Bd3 Rad8 16. Bb1 Rxd2 17. Bxa2 Rxd1+ 18. Rxd1 Bxa2 19. Bxa7 Be6 20. Nd5
Ra8 21. Nf4 Bb3 22. Rd7 Bh6 23. Bd4+ Kg8 24. g3 b5 25. Rb7 Bc4 26. Kc2 Bg7 27.
Bxg7 Kxg7 28. Rd7 g5 29. Nd3 Re8 30. Kd2 h5 31. f4 Be6 32. Rd4 Bg4 33. Ne5 Bh3
34. Rd5 f6 35. Nd3 Bf1 36. fxg5 fxg5 37. Rxg5+ Kh6 38. Rd5 Re2+ 39. Kc1 Rxh2
40. Nf4 Bc4 41. Rd2 Rxd2 42. Kxd2 Kg5 43. Ke3 Kg4 44. b4 Bf1 45. Kf2 Bc4 46.
Ng2 Kg5 47. Ne3 Bd3 48. Kf3 Kf6 49. Nd5+ Ke5 50. Nf4 Bc2 51. Ke3 Bd1 52. Kd3
Kf5 53. Ng2 Bf3 54. Ne3+ Ke5 55. c4 bxc4+ 56. Nxc4+ Kd5 57. Ne3+ Ke5 58. b5 Bb7
59. b6 Ba6+ 60. Kc3 Ke4 61. Kd2 Kf3 62. Nf5 Kg4 63. Ng7 Bb7 64. Ke3 Bf3 65. Kd4
Bb7 66. Ke5 Kxg3 67. Nxh5+ Kf3 68. Nf6 Ke3 69. Nd7 Ba8 70. Nc5 Bc6 1/2-1/2

[Event "Hillerod Byturnering Mesterklassen 2004"]
[Site "Hillerod"]
[Date "2004.05.25"]
[Round "5"]
[White "Paulsen, Henrik"]
[Black "Rasmussen, Bo"]
[Result "0-1"]
[WhiteElo "1782"]
[BlackElo "1780"]
[PlyCount "76"]
[EventDate "2004.??.??"]

1. e4 e5 2. Nf3 Nf6 3. Nc3 Nc6 4. Bc4 Nxe4 5. Nxe4 d5 6. Bxd5 Qxd5 7. Nc3 Qc4
8. h3 e4 9. b3 Qe6 10. O-O Qg6 11. Nxe4 Be7 12. Ng3 O-O 13. Bb2 f5 14. Kh2 f4
15. Nh1 Rf5 16. Re1 Rh5 17. Qe2 Qf5 18. Ng1 Bd7 19. Qf3 Bd6 20. a3 Rg5 21. g4
fxg3+ 22. fxg3 Qxc2 23. Qc3 Qg6 24. d4 Rf8 25. Re2 Rgf5 26. Qc4+ Qf7 27. Qxf7+
R8xf7 28. Kg2 Na5 29. b4 Bc6+ 30. Kh2 Nc4 31. h4 Rf1 32. Rxf1 Rxf1 33. Nf2 Rb1
34. Nd3 Bb5 35. Re1 Rxe1 36. Nxe1 Nxb2 37. Ngf3 Nc4 38. Nc2 Ba4 0-1

[Event "Hillerod Byturnering Mesterklassen 2004"]
[Site "Hillerod"]
[Date "2004.05.25"]
[Round "5"]
[White "Andersen, Ib Hother"]
[Black "Jacobsen, Hans Endrup"]
[Result "1/2-1/2"]
[WhiteElo "2063"]
[BlackElo "1979"]
[PlyCount "61"]
[EventDate "2004.??.??"]

1. e4 c5 2. Nf3 d6 3. d4 cxd4 4. Nxd4 Nf6 5. Nc3 a6 6. Bc4 e6 7. Bb3 Qc7 8. O-O
Nc6 9. Be3 Be7 10. f4 Bd7 11. f5 Nxd4 12. Bxd4 O-O 13. Kh1 b5 14. a3 Rac8 15.
fxe6 fxe6 16. Qd3 Kh8 17. Rad1 Rcd8 18. Ne2 e5 19. Be3 d5 20. Bxd5 Nxd5 21.
Rxf8+ Rxf8 22. exd5 Bf5 23. Qd2 Qxc2 24. Ng3 Qxd2 25. Bxd2 Bg4 26. Re1 Bf6 27.
Bc3 Rd8 28. h3 Bc8 29. Rd1 Bb7 30. d6 Kg8 31. Nh5 1/2-1/2

[Event "Hillerod Byturnering Mesterklassen 2004"]
[Site "Hillerod"]
[Date "2004.05.25"]
[Round "5"]
[White "Lavrsen, Frands Winther"]
[Black "Nilsson, Lars Kjoller"]
[Result "0-1"]
[WhiteElo "1812"]
[BlackElo "2021"]
[PlyCount "64"]
[EventDate "2004.??.??"]

1. f4 Nf6 2. Nf3 g6 3. e3 d6 4. Be2 Bg7 5. O-O O-O 6. c4 c6 7. Nc3 Na6 8. Rb1
Nc7 9. b4 d5 10. Ne5 d4 11. Na4 Nce8 12. Rb3 dxe3 13. Rxe3 Qc7 14. d4 Nd6 15.
g4 a5 16. c5 axb4 17. Qb3 Nd5 18. cxd6 exd6 19. Rd3 dxe5 20. dxe5 Qa5 21. Bd1
b5 22. Nc5 Qb6 23. Rxd5 cxd5 24. Qxb4 Bxg4 25. Bb3 Rfc8 26. Be3 Bf8 27. Rc1
Rxc5 28. Rxc5 Rc8 29. Rxc8 Qxe3+ 30. Kg2 Bh3+ 31. Kh1 Qf3+ 32. Kg1 Qg2# 0-1

[Event "Hillerod Byturnering Mesterklassen 2004"]
[Site "Hillerod"]
[Date "2004.05.25"]
[Round "5"]
[White "Steenstrup, Svend"]
[Black "Sorensen, Per Settergren"]
[Result "1-0"]
[WhiteElo "1997"]
[BlackElo "1955"]
[PlyCount "54"]
[EventDate "2004.??.??"]

1. e4 e6 2. d4 d5 3. e5 c5 4. c3 Qb6 5. Bd3 Nc6 6. Nf3 cxd4 7. cxd4 Bd7 8. O-O
Nxd4 9. Nbd2 Nxf3+ 10. Nxf3 Bc5 11. Qe2 Ne7 12. b4 Qxb4 13. Rb1 Qa5 14. Rxb7
Bc6 15. Bd2 Qd8 16. Bb5 Qc8 17. Rxe7+ Bxe7 18. Rc1 O-O 19. Bxc6 Ba3 20. Rc3 Bb4
21. Rc2 Rb8 22. Nd4 Bxd2 23. Rxd2 Rb1+ 24. Rd1 Qb8 25. Ba4 Rxd1+ 26. Bxd1 Rc8
27. Bc2 Qb2 1-0

[Event "Hillerod Byturnering Mesterklassen 2004"]
[Site "Hillerod"]
[Date "2004.06.08"]
[Round "7"]
[White "Lavrsen, Frands Winther"]
[Black "Andersen, Ib Hother"]
[Result "0-1"]
[WhiteElo "1812"]
[BlackElo "2063"]
[PlyCount "62"]
[EventDate "2004.??.??"]

1. f4 Nf6 2. Nf3 b6 3. e3 Bb7 4. Be2 e6 5. O-O Be7 6. b3 O-O 7. Bb2 c5 8. c4 d5
9. Na3 Nc6 10. Nc2 Qd6 11. Qe1 Nd7 12. Qg3 Bf6 13. d4 g6 14. Rad1 Bg7 15. Qh3
f6 16. g4 Ne7 17. Bd3 f5 18. Ne5 Nf6 19. Ne1 fxg4 20. Nxg4 Nxg4 21. Qxg4 Nf5
22. Ng2 dxc4 23. dxc5 Qxc5 24. Bxg7 Kxg7 25. Bxc4 Bxg2 26. Rd7+ Rf7 27. Rxf7+
Kxf7 28. Qxg2 Re8 29. Re1 Nxe3 30. Qe4 Nxc4+ 31. Kh1 Nd6 0-1

[Event "Hillerod Byturnering Mesterklassen 2004"]
[Site "Hillerod"]
[Date "2004.06.08"]
[Round "7"]
[White "Sorensen, Per Settergren"]
[Black "Nilsson, Lars Kjoller"]
[Result "1-0"]
[WhiteElo "1955"]
[BlackElo "2021"]
[PlyCount "107"]
[EventDate "2004.??.??"]

1. e4 c5 2. Nf3 d6 3. d4 cxd4 4. Nxd4 Nf6 5. Nc3 e6 6. Bc4 Qc7 7. Bb3 Nc6 8.
Ndb5 Qb8 9. Bf4 e5 10. Bg5 a6 11. Bxf6 gxf6 12. Qh5 Nd8 13. Na3 Be6 14. Nd5
Bxd5 15. Bxd5 Qc7 16. c3 Rb8 17. O-O b5 18. Nc2 Qd7 19. Rfe1 Ne6 20. Bxe6 Qxe6
21. Nb4 Rg8 22. Nxa6 Rc8 23. Qe2 Bh6 24. Rad1 Rc4 25. b3 Rxc3 26. Qxb5+ Ke7 27.
Qb7+ Kf8 28. Qb8+ Kg7 29. Qxd6 Qg4 30. Rd3 Qc8 31. Rxc3 Qxc3 32. Rd1 Ra8 33.
Nb4 Rc8 34. Nd5 Qc6 35. Qxc6 Rxc6 36. Ne7 Rc2 37. Nf5+ Kg6 38. Nxh6 Kxh6 39.
Ra1 Rb2 40. g3 f5 41. exf5 Kg5 42. h4+ Kxf5 43. Kf1 e4 44. a4 Rxb3 45. a5 Rb7
46. a6 Ra7 47. Ke2 Ke5 48. Ke3 f5 49. Ra5+ Ke6 50. Kd4 Kd6 51. Rxf5 Ke6 52. Rh5
Rf7 53. Ra5 Ra7 54. Kxe4 1-0

[Event "Hillerod Byturnering Mesterklassen 2004"]
[Site "Hillerod"]
[Date "2004.06.08"]
[Round "7"]
[White "Paulsen, Henrik"]
[Black "Jacobsen, Hans Endrup"]
[Result "1/2-1/2"]
[WhiteElo "1782"]
[BlackElo "1979"]
[PlyCount "85"]
[EventDate "2004.??.??"]

1. e4 c5 2. Nf3 d6 3. d4 cxd4 4. Nxd4 Nf6 5. Nc3 a6 6. f3 b5 7. Be3 Bb7 8. Qd2
Nbd7 9. g4 h6 10. O-O-O Ne5 11. g5 hxg5 12. Bxg5 Rc8 13. Kb1 Qb6 14. Be3 Qa5
15. Nd5 Qxd2 16. Nxf6+ gxf6 17. Rxd2 Bh6 18. Bxh6 Rxh6 19. Nf5 Nxf3 20. Rf2 Rh8
21. Rxf3 Bxe4 22. Rh3 Bxc2+ 23. Ka1 Rg8 24. Bd3 Bxd3 25. Rxd3 Rg2 26. h4 Rf2
27. Nd4 e5 28. Rf3 Rh2 29. Re1 Kd7 30. Nf5 Rcc2 31. Rd3 Rxb2 32. Rxd6+ Kc7 33.
Rxa6 Kb7 34. Ra5 Kb6 35. Ra8 Rbf2 36. Nd6 Rxh4 37. Rb1 b4 38. Nxf7 Kb7 39. Ra4
Rff4 40. a3 Kc6 41. Raxb4 Rxb4 42. axb4 Rd4 43. Rf1 1/2-1/2